Pozsony Mihály-utcza

Zobrazenie: Michalská ulica

Bibliographic Details
Format: Postcard
Language:Hungarian
German
PhysicalDescription:1 pohľadnica kolorovaná 14 x 9 cm
Published: [S.l. s.n. 1913?]
Subjects:

MARC

LEADER 00000nkm a2200000 a 4500
001 vtls010090112
003 SK-MaSNL
005 20260512123857.0
007 kp co
008 231206q1913 xx g kuhun
035 |a 4C514333-9A17-4BD5-9119-F2A1E1D854B1 
035 |a urn:nbn:sk:snk-km004k98 
035 |a urn:nbn:sk:snk-kmthjt 
040 |a SNK  |b slo  |c SNK  |e AACR2 
041 0 |a hun  |a ger 
043 |a e-xo--- 
044 |a xx 
080 |a (437.6)  |2 2001 
080 |a (084.121)  |2 2001 
245 0 0 |a Pozsony  |h grafika  |b Mihály-utcza 
246 1 1 |a Pressburg 
260 |a [S.l.  |b s.n.  |c 1913?] 
300 |a 1 pohľadnica  |b kolorovaná  |c 14 x 9 cm 
520 8 |a Zobrazenie: Michalská ulica 
546 |a Súbežný text aj v nem. 
651 7 |a Bratislava (Slovensko)  |2 SNKPH  |9 14568 
655 7 |a miestne pohľadnice  |2 SNKPH  |9 70510 
852 |a Slovenská národná knižnica 
958 |a GC 
958 |a GBN 
958 |a ONDV 
999 |c 833476  |d 835406 
952 |a SNK  |b SNK  |y PREZ  |7 0  |p 17A0655576  |o snkSP 93695  |0 0  |1 0  |4 0  |d 2010-04-29  |f 1  |l 0  |r 2026-02-24 03:45:25  |w 2026-02-24